000
00314nam a22001337a 4500
008
181009b xxu||||| |||| 00| 0 eng d
020
_a
9780495091912
041
_a
eng
080
_a
510
100
_a
36
101
_a
MAT
245
_a
Guiding Children's Learning of Mathematics
_c
Kennedy, L.M
942
_2
udc
_c
BK
999
_c
49191
_d
49191